LEADER 01043nam0 2200289 450 001 9910507301003321 005 20221201122733.0 010 $a978-88-495-4730-6 100 $a20180504d2021----km y0itay50 ba 101 0 $aita 102 $aIT 105 $ay 001yy 200 1 $a<>tratti del simbolismo nella legislazione penale di contrasto ai fenomeni corruttivi$edalla pretesa di pienezza di tutela alle fattispecie aperte$fAlì Abukar Hayo 210 $aNapoli$cEdizioni Scientifiche Italiane$d2021 215 $a208 p.$d24 cm 225 1 $aNuove ricerche di scienze penalistiche$fcollana diretta da Sergio Moccia$v37 676 $a345.02323$v23$zita 700 1$aAbukar Hayo,$bAlì$0509032 801 0$aIT$bUNINA$gREICAT$2UNIMARC 901 $aBK 912 $a9910507301003321 952 $aXII I 28 (37)$b2022/927$fFGBC 952 $a5,1-259(37)$bP797$fDSPCP 959 $aFGBC 959 $aDSPCP 996 $aTratti del simbolismo nella legislazione penale di contrasto ai fenomeni corruttivi$92442536 997 $aUNINA LEADER 00938nam a22002413i 4500 001 991002280269707536 005 20030522140217.0 008 030925s1965 it a||||||||||||||||ita 035 $ab12266917-39ule_inst 035 $aARCHE-031449$9ExL 040 $aBiblioteca Interfacoltà$bita$cA.t.i. Arché s.c.r.l. Pandora Sicilia s.r.l. 082 04$a914.96 100 1 $aMigliorini, Elio$031980 245 10$aProfilo geografico della regione balcanica /$cEmilio Migliorini 260 $aNapoli :$bLibreria scientifica editrice,$c1965 300 $a237 p. :$bill. ;$c25 cm 650 4$aPenisola Balcanica 907 $a.b12266917$b02-04-14$c08-10-03 912 $a991002280269707536 945 $aLE002 St. XXVI D 29$g1$i2002000165763$lle002$o-$pE0.00$q-$rl$s- $t0$u0$v0$w0$x0$y.i1265789x$z08-10-03 996 $aProfilo geografico della regione balcanica$9152434 997 $aUNISALENTO 998 $ale002$b08-10-03$cm$da $e-$fita$git $h0$i1